000 00608nam a2200169 a 4500
001 000045486
005 20201002052257.0
008 150409s2014 dr c 000 0 spa d
040 _aDO-SdBNP
_bspa
_cBNPHU
082 _axxxx
_bxxxx
111 2 _aPalacio Nacional
_c(Santo Domingo, República Dominicana
_d2014-2030, abr 1:)
_973537
245 1 0 _aPacto nacional para la reforma educativa en la República Dominicana (2014-2030). /.
260 _aSanto Domingo; :
_bConsejo Económico y Social,
_c2014.
300 _a51 p. :
_bretrato. ;
_c22 cm.
490 0 _aPacto educativo
830 0 _aPacto educativo
_973538
999 _c44975
_d44975